| 000 | 00421nam a2200181Ia 4500 | ||
|---|---|---|---|
| 008 | 170918s9999 xx 000 0 und d | ||
| 020 | _a9780064404891 | ||
| 050 | _bY471dr 1993 | ||
| 100 | _aYep, Laurence | ||
| 245 | _aDragon's gate / | ||
| 245 | _cby Laurence Yep. | ||
| 260 | _aNew York : | ||
| 260 | _bScholastic, | ||
| 260 | _c1993 | ||
| 300 | _a335 pages : | ||
| 300 | _billustrations : | ||
| 300 | _c19cm. | ||
| 999 |
_c344133 _d344133 |
||